Network and internetwork security : (Record no. 179438)

000 -LEADER
fixed length control field 00717 a2200205 4500
003 - CONTROL NUMBER IDENTIFIER
control field Nust
005 - DATE AND TIME OF LATEST TRANSACTION
control field 20230608104626.0
010 ## - LIBRARY OF CONGRESS CONTROL NUMBER
LC control number 94006003
020 ## - INTERNATIONAL STANDARD BOOK NUMBER
International Standard Book Number 0024154830
040 ## - CATALOGING SOURCE
Transcribing agency Nust
082 00 - DEWEY DECIMAL CLASSIFICATION NUMBER
Classification number 005.8,STA
100 1# - MAIN ENTRY--PERSONAL NAME
Personal name Stallings, William.
245 10 - TITLE STATEMENT
Title Network and internetwork security :
Remainder of title principles and practice /
Statement of responsibility, etc. William Stallings.
260 ## - PUBLICATION, DISTRIBUTION, ETC.
Place of publication, distribution, etc. Englewood Cliffs, N.J. :
Name of publisher, distributor, etc. Prentice Hall, ;
Place of publication, distribution, etc. New York, :
Name of publisher, distributor, etc. IEEE
Date of publication, distribution, etc. c1995.
300 ## - PHYSICAL DESCRIPTION
Extent xiii, 462 p. :
Other physical details ill. ;
Dimensions 24 cm.
505 ## - FORMATTED CONTENTS NOTE
Formatted contents note Part 1: Internetwork Security Principles (Page-21), Part 2: Internetwork Security Practice (Page-267).
650 #0 - SUBJECT ADDED ENTRY--TOPICAL TERM
Topical term or geographic name entry element Computer networks
General subdivision Security measures.
9 (RLIN) 466
650 #0 - SUBJECT ADDED ENTRY--TOPICAL TERM
Topical term or geographic name entry element Computer security.
9 (RLIN) 570
942 ## - ADDED ENTRY ELEMENTS (KOHA)
Source of classification or shelving scheme
Koha item type Book Bank
Holdings
Withdrawn status Lost status Source of classification or shelving scheme Damaged status Not for loan Permanent Location Current Location Shelving location Date acquired Full call number Barcode Date last seen Price effective from Koha item type Public note
          Military College of Signals (MCS) Military College of Signals (MCS) General Stacks 12/12/2016 005.8,STA MCS27505 12/08/2016 12/12/2016 Book Bank Almirah No.9, Shelf No.3
© 2023 Central Library, National University of Sciences and Technology. All Rights Reserved.